| 000 | 004410000a22001810004500 | ||
|---|---|---|---|
| 003 | LK-CoMWRAF | ||
| 008 | 230817t ||||| |||| 00| 0 eng d | ||
| 020 | _a9559052438 | ||
| 040 |
_aLK-CoMWRAF _dLK-CoMWRAF _eLK-CoMWRAF |
||
| 041 | _aeng | ||
| 082 |
_a355 _bWIJ |
||
| 100 | _aWijayatilake, Kamalini | ||
| 245 |
_aThe poster campaign _b |
||
| 260 |
_aColombo _bCENWOR _c1996 |
||
| 300 | _ap.16 | ||
| 650 | _aWomen's education | ||
| 942 | _cBK | ||
| 999 |
_c2474 _d2474 |
||